| 000 | 00000nam##2200000za#4500 |
| 001 | 9.617033 |
| 003 | CaOODSP |
| 005 | 20210615101923 |
| 007 | ta |
| 008 | 150406|2004||||xxc||||| f|0| 0 eng|d |
| 040 | |aCaOODSP|beng |
| 043 | |an-cn--- |
| 086 | 1 |aNH18-22/104-109E |
| 110 | 2 |aCanada Mortgage and Housing Corporation. |
| 245 | 10|aMaximum performance testing of popular water-efficient toilet models |
| 260 | |bCanada Mortgage and Housing Corporation |c2004. |
| 300 | |a5p. : |bfig., table ; |c28 cm. |
| 490 | 1 |aResearch highlight. Technical series |v04-109 |
| 520 | 3 |aThese technical papers summarize a wide range of housing-related studies, reports, and manuals. They examine issues as diverse as low-maintenance northern landscaping; policy options for achieving healthy indoor air quality; and various aspects of building performance, including high-rise building envelope performance, performance of various building materials, and evaluations of district heating systems. |
| 563 | |aPamphlet |
| 590 | |a04-32|b2004-08-06 |
| 775 | 08|tTest du niveau maximal de rendement des toilettes à faible débit offertes sur le marché |w(CaOODSP)9.626680 |
| 776 | 0#|tMaximum performance testing of popular water-efficient toilet models |w(CaOODSP)9.581155 |
| 830 | #0|aResearch highlight. Technical series ;|v04-109|w(CaOODSP)9.514826 |